LEADER 01220nam a2200253 u 4500 001 000000038799 003 CaOOAMICUS 005 20070226113922.0 008 980428s1882 gw u000 u ger u 035 $a10792678 040 $aPUL(R)$bita 041 0 $ager$alat 130 0 $aLiber iuris florentinus.$0(OLS)http://pul/title/52605 245 14$aDas florentiner Rechtsbuch :$nein system römischen Privatrechts aus der Glossatorenzeit /$caus einer florentiner Handschrift zum ersten Mal herausgegeben und eingeleitet von Dr. Max Conrat .. 260 $aBerlin :$bWeidmannsche Buchhandlung,$c1882. 300 $aliv, iv, 118 p. ;$c21 cm 504 $aBibliografia in nota. 650 4$aDiritto romano$xStoria.$0(OLS)http://pul/subject/1406 700 1 $aCohn, Max Conrat,$d1848-1911.$0(OLS)http://pul/name/10609 850 $aPUL 852 $aPUL$W1$xDP1 Antico 800$y27$m188 A 1$j52823$nBK-PRI$b $qStampati Antico$B52823$CPULBib$Z2$F52823 $H $81 941 1 $a15 996 $6245$aDas florentiner Rechtsbuch :$nein system römischen Privatrechts aus der Glossatorenzeit$9(OLS)http://pul/title/52606 996 $6260$aBerlin :$bWeidmannsche Buchhandlung$9(OLS)http://pul/publisher/51602 LEADER 01304namaa2200325 i 4500 001 000000178262 003 CaOOAMICUS 005 20251205162304.0 007 tu 008 251205s1974 it 000 u ita r 040 $aPUL$bita$erda 082 0 $a922 245 13$aIl volto della speranza /$clettere di Benedetta Bianchi Porro e testimonianze ; a cura di Anna M. Cappelli . 250 $a3.edizione settembre 1974 264 1$aMilano :$bMassimo,$c[1974] 300 $a474 pagine :$billustrazioni ;$c20 cm 336 $atesto$btxt$2rdacontent 337 $asenza mediazione$bn$2rdamedia 338 $avolume$bnc$2rdacarrier 490 1 $aCompagni di viaggio ;$v27 600 14$aBianchi Porro, Benedetta,$cb.,$d1936-1964.$0(OLS)http://pul/subject/46632 700 1 $aCappelli, Anna M.,$ecuratore.$0(OLS)http://pul/name/114695 830 0$aCompagni di viaggio ;$v27.$0(OLS)http://pul/title/113446 850 $aPUL 852 $aPUL$W1$xDP1 Fondo Liberati$y125$m2 L 7$j202132$qFondi$B207356$CPULBib$Z2$F207356 $HLib33 $82 941 1 $a1 996 $6082$a922$9(OLS)http://pul/classification/1965 996 $6245$aIl volto della speranza$9(OLS)http://pul/title/219832 996 $6264$aMilano :$bMassimo$9(OLS)http://pul/publisher/48143